Fundamentals of musical composition
Guardat en:
| Autor principal: | |
|---|---|
| Format: | Llibre |
| Idioma: | anglès |
| Publicat: |
Londres
Faber and Faber
1970
|
| Matèries: | |
| Etiquetes: |
Afegir etiqueta
Sense etiquetes, Sigues el primer a etiquetar aquest registre!
|
MARC
| LEADER | 00000nam a2200000 a 4500 | ||
|---|---|---|---|
| 001 | UCN2674 | ||
| 003 | CL-VaPUC | ||
| 005 | 20231103153611.0 | ||
| 008 | 010531e19700000UK |||||||||||||||||eng|d | ||
| 999 | |c 295730 |d 295728 | ||
| 020 | |a 0571196586 | ||
| 040 | |c Pontificia Universidad Católica de Valparaíso | ||
| 082 | 0 | 4 | |a 781.3 SCH 1970 |2 21 |
| 100 | 0 | |a Schönberg, Arnold |e author |9 306737 | |
| 245 | 1 | 0 | |a Fundamentals of musical composition |
| 260 | |a Londres |b Faber and Faber |c 1970 | ||
| 300 | |a 224 p | ||
| 583 | |a last modification |c 20010531 00:00:00 |k Rodrigo Vera | ||
| 650 | 0 | |a Composición musical |9 306660 | |
| 650 | 0 | |a Formas musicales |9 306416 | |
| 650 | 0 | |a Elementos musicales |9 306544 | |
| 650 | 0 | |a Teoría musical |9 265760 | |
| 942 | |c BK |2 ddc | ||
| 945 | |d 20010531 00:00:00 |a crobeson | ||
| 952 | |0 0 |1 0 |4 0 |6 781_300000000000000_SCH_1970 |7 0 |8 A |9 349051 |a BIBEDU |b BIBEDU |d 2019-11-20 |i 118511K |o 781.3 SCH 1970 |p 118511K |r 2022-01-17 |w 2019-11-20 |y BK |k MUS | ||
| 952 | |0 0 |1 0 |4 0 |6 781_300000000000000_SCH_1970 |7 0 |8 A |9 349052 |a BIBEDU |b BIBEDU |d 2019-11-20 |i 4087569 |l 1 |o 781.3 SCH 1970 |p 4087569 |r 2024-06-17 |s 2024-06-10 |w 2019-11-20 |y BK |k MUS | ||